|
|
|
|
| LEADER |
00000nam0a2200000 4500 |
| 001 |
289378 |
| 005 |
20231102000200.0 |
| 020 |
|
|
|a RU
|b 83-85256
|
| 035 |
|
|
|a (RuTPU)RU\TPU\book\313883
|
| 090 |
|
|
|a 289378
|
| 100 |
|
|
|a 20150401d1983 k y0rusy5003 ca
|
| 101 |
0 |
|
|a rus
|
| 102 |
|
|
|a RU
|
| 105 |
|
|
|a a z 001zy
|
| 200 |
1 |
|
|a Высокотемпературные охлаждаемые газовые турбины двигателей летательных аппаратов
|e межвузовский сборник
|f Казанский авиационный институт им. А. Н. Туполева (КАИ) ; под ред. В. И. Локая
|
| 210 |
|
|
|a Казань
|c Изд-во КАИ
|d 1983
|
| 215 |
|
|
|a 142 с.
|c ил.
|
| 606 |
1 |
|
|a Газовые турбины
|x Охлаждение воздушное
|2 stltpush
|3 (RuTPU)RU\TPU\subj\4772
|9 32993
|
| 610 |
1 |
|
|a высокотемпературные турбины
|
| 610 |
1 |
|
|a дефлекторы
|
| 610 |
1 |
|
|a турбинные лопатки
|
| 610 |
1 |
|
|a теплоотдача
|
| 610 |
1 |
|
|a теплогидравлический расчет
|
| 610 |
1 |
|
|a тепловые потоки
|
| 610 |
1 |
|
|a расчет
|
| 610 |
1 |
|
|a исследования
|
| 610 |
1 |
|
|a плоские двухрядные решетки
|
| 610 |
1 |
|
|a газ
|
| 675 |
|
|
|a 621.438-7
|v 4
|
| 702 |
|
1 |
|a Локай
|b В. И.
|4 340
|
| 712 |
0 |
2 |
|a Казанский авиационный институт им. А. Н. Туполева (КАИ)
|c (1932-1992)
|2 stltpush
|3 (RuTPU)RU\TPU\col\10046
|
| 801 |
|
0 |
|a RU
|b RuMRKP
|c 19950704
|g psbo
|
| 801 |
|
1 |
|a RU
|b 63413507
|c 20150401
|
| 801 |
|
2 |
|a RU
|b 63413507
|c 20170707
|g RCR
|
| 942 |
|
|
|c BK
|